| 000 | 00547nam a22001937a 4500 | ||
|---|---|---|---|
| 003 | SISC | ||
| 005 | 20160203094052.0 | ||
| 008 | 130828t xxu||||| |||| 00| 0 eng d | ||
| 016 | _29780471918714 | ||
| 050 |
_aTC 451.4 _b.M549 1988 |
||
| 082 |
_aHS 618.97 _b M52 1988 |
||
| 100 |
_a Brian Gearing, _914893 |
||
| 245 |
_aMental Health problems in old age : _ba Reader / |
||
| 260 |
_aChichester : _bJohn Wiley & Sons, _c1988. |
||
| 300 |
_a 222 p.; _c26 cm. |
||
| 650 |
_aGeriatric psychiatry _914894 |
||
| 942 |
_2lcc _cBK |
||
| 999 |
_c9744 _d9744 |
||